000 00220nam a22000857a 4500
008 170621b xxu||||| |||| 00| 0 eng d
100 _93601
_aTaNdon. R. K
245 _aDictionary of Biology
260 _aNew Delhi
_bA. P. H
_c2010
999 _c6989
_d6989